| 000 | 00421 a2200169 4500 | ||
|---|---|---|---|
| 001 | 186241 | ||
| 020 | _a85-06-02233-9 | ||
| 040 | _cMagnum | ||
| 100 | _aBrandão, Antônio de Pádua | ||
| 240 | 1 | 0 |
_aFoi ela que começou; foi ele que começou _lpor |
| 245 | 1 | 0 | _aFoi ela que começou; foi ele que começou |
| 300 | _a77 | ||
| 362 | 0 | _a1993 | |
| 440 | 1 | _aMelhoramentos | |
| 697 | _aLITERATURA JUVENIL | ||
| 942 | _cBK | ||
| 999 |
_c186241 _d186241 |
||